000 01693cam a22005414i 4500
003 PE-LiUPU
005 20250731170435.0
008 150625s r 000 0 spa d
035 _a(Sirsi) a31009
040 _aPE-LiUPU
_bspa
_cPE-LiUPU
_erda
049 _aPRUA
082 0 4 _a131.333
_bP43
_221
100 1 _aPeña y Lillo, Sergio,
_eautor.
245 1 3 _aEl temor y la felicidad /cSergio Peña y Lillo.
264 1 _aSantiago :
_bUniversitaria,
_c1990.
300 _a
336 _atext
_2rdacontent
337 _aunmediated
_2rdamedia
338 _avolume
_2rdacarrier
505 0 _aLa felicidad --El temor --Las actitudes psicológicas erróneas: La anticipación imaginaria, La contaminación del presente con el pasado, La resistencia y el rechazo al sufrimiento, El deseo y la ambición.
526 _aSEG68
526 _aSEG70
526 _aSEG69
526 _aSEG67
526 _aSEG43
526 _aP144
526 _aP143
526 _aP131
526 _aP122
526 _aP120
526 _aP117
526 _aP112
526 _aP110
526 _aP106
526 _aP101
526 _aP80
526 _aP59
526 _aP54
526 _aP35
526 _aP33
526 _aP30
942 _2ddc
_cBOOK
949 _a131.333 P43
_wDEWEY
_c1
_i33716
_lCCODEBUL1
_mBUL
_p00.00
_r0
_sY
_tBOOK
_u2015-06-25
_xBIBLIOTECA
_zUNKNOWN
_0COMPRA
_o.STAFF. Colección General
994 _aC0
_bPEPRU
596 _a1
999 _a131.333 P43
_wDEWEY
_c38516
_i33716
_d38516
_e2017-5-10
_f2021-11-3
_g5
_lCCODEBUL1
_mBUL
_n4
_q3
_r0
_sY
_tBOOK
_u2015-6-25
_xSALUD
_zUNKNOWN
_0COMPRA
_o.STAFF. Colección General
980 _81
_gALBERTO SANCHEZ Responsable de Automatización